Marketing podniku pôsobiaceho v sieťovom odvetví diplomová práca

Enregistré dans:
Détails bibliographiques
Auteur principal: Gemeran, Lukáš
Collectivité auteur: Obchodná fakulta EU. Katedra marketingu
Autres auteurs: Hanuláková, Eva, 1964-
Format: Livre
Langue:slovaque
Publié: Bratislava 2009
Tags: Ajouter un tag
Pas de tags, Soyez le premier à ajouter un tag!

MARC

LEADER 00000nam$a2200000$$$4500
001 0097921
005 20240318135414.4
041 0 |a slo 
044 |a SK 
245 1 0 |a Marketing podniku pôsobiaceho v sieťovom odvetví  |b diplomová práca  |c Lukáš Gemeran ; škol. Eva Hanuláková 
264 1 |a Bratislava  |c 2009 
300 |a 114 s. 
100 1 |a Gemeran, Lukáš 
700 1 |a Hanuláková, Eva, 1964- 
710 2 |a Obchodná fakulta EU. Katedra marketingu